000
00288nam a22001337a 4500
008
170927b xxu||||| |||| 00| 0 eng d
020
_a
9782090338768
041
_a
eng
080
_a
37
100
_a
47
101
_a
EDU
245
_a
VOCABULAIRE FRANCAUS
_c
AVANT,P
942
_2
udc
_c
BK
999
_c
30275
_d
30275